[Event "Dortmund SuperGM 37th"]
[Site "Dortmund"]
[Date "2009.07.08"]
[Round "6"]
[White "Jakovenko, Dmitrij"]
[Black "Carlsen, Magnus"]
[Result "1/2-1/2"]
[WhiteElo "2760"]
[BlackElo "2772"]
[Annotator "Rogozenco,Dorian"]
[PlyCount "89"]
[EventDate "2009.07.02"]
[EventType "tourn"]
[EventRounds "10"]
[EventCountry "GER"]
[EventCategory "20"]
[SourceTitle "CBM 131"]
[Source "ChessBase"]
[SourceDate "2009.07.15"]
[SourceVersion "1"]
[SourceVersionDate "2009.07.15"]
[SourceQuality "1"]

1. e4 c5 2. Nf3 Nc6 3. d4 cxd4 4. Nxd4 Nf6 5. Nc3 e5 6. Ndb5 d6 7. Bg5 a6 8. Na3 b5 9. Nd5 Be7 10. Bxf6 Bxf6 11. c3 Bg5 12. Nc2 Ne7 {This line became the main alternative for Black to the classical 12...0-0 and 12...b8. Its theory has developed very quickly in the past 4-5 years. Carlsen and even Jakovenko with the black pieces have used it already.} 13. Ncb4 ({Another possibility is to include the moves h4/h6, which has advantages and drawbacks for White. Here is the most recent example:} 13. h4 Bh6 14. a4 bxa4 15. Ncb4 O-O 16. Qxa4 Nxd5 17. Nxd5 a5 18. Bb5 (18. Bc4 {offers Black counterplay due to the weaknesses created on the kingside by the move 13.h4:} Kh8 19. g3 f5 20. exf5 Bxf5 21. O-O Be4 $132) 18... Be6 19. Bc6 Rb8 20. b4 axb4 21. cxb4 Kh8 ({The main alternative is} 21... Bxd5 22. Bxd5 Qb6) 22. b5 Bxd5 23. Bxd5 Qb6 24. O-O ({In the event of} 24. Bc6 {Black has the nice transfer of the bishop to a better diagonal:} Be3 $1 25. O-O (25. fxe3 Qxe3+ 26. Kd1 Qd3+ 27. Ke1 Qe3+ {is a draw}) 25... Bd4 26. Ra2 f5 27. exf5 Rxf5 28. g3 Rbf8 {and thanks to the pressure on f2 Black has nothing to fear, Grischuk,A (2719)-Illescas Cordoba,M (2604)/Dresden 2008}) 24... Qxb5 25. Qxb5 Rxb5 26. Ra6 $146 ({In Bacrot,E (2705)-Eljanov,P (2720)/Elista 2008 White took another pawn, but it led to the same result:} 26. Bxf7 g5 27. hxg5 Bxg5 28. Be6 Rb4 29. Bf5 d5 30. Ra5 dxe4 31. Rxe5 Bf4 32. Rxe4 Rxe4 33. Bxe4 Rc8 34. Bf3 Rc1 35. Bd1 Kg7 {and White cannot unpin the bishop without exchanging the rooks, which leads to a completely drawish position.}) 26... f6 27. Rxd6 Rc5 28. h5 (28. Rd7 Rc1 29. Rxc1 Bxc1 {looks slightly unpleasant for Black, but he simply waits and the position is a draw.}) 28... Rc7 29. g3 g6 30. Kg2 Kg7 {With the king on g7 (instead of being cut on h8) Black doesn't have even the slightest problem to achieve a draw.} 31. Kh3 Bc1 32. f4 exf4 33. gxf4 g5 34. fxg5 Bxg5 35. e5 Re7 36. e6 f5 37. Bc6 Kh6 38. Bf3 {½-½ Shirov,A-Radjabov,T/Bazna 2009}) 13... O-O 14. a4 bxa4 15. Qxa4 (15. Rxa4 a5 16. Nxe7+ (16. Bb5 {is a different story here and if Black wishes, he can force complete equality:} Bd7 17. Nxe7+ (17. Bxd7 axb4 $1) 17... Bxe7 18. Nc6 (18. Bxd7 axb4 $11) 18... Qe8 19. Qd5 Be6 20. Qd3 Bd7 21. Nxe7+ Qxe7 $11) 16... Qxe7 17. Bc4 Bd7 18. Nd5 Qe8 19. Ra2 Bd8 20. O-O Rc8 21. Bb3 Rb8 $11 {0-1 Smeets,J (2550)-Carlsen,M (2625)/Wijk aan Zee 2006 (44)}) 15... Nxd5 (15... a5 16. Bb5 Nxd5 17. Nxd5 Be6 18. Bc6 Rb8 19. Ra2 Qc8 20. O-O Bd8 21. b4 Kh8 22. Rd2 Qa6 23. b5 $16 {1-0 Kamsky,G (2690)-Carlsen,M (2570)/Khanty Mansiysk 2005 (31)}) 16. Nxd5 Bd7 (16... a5 17. Bb5 {leads to the above mentioned game Kamsky-Carlsen, see 15...a5.}) 17. Qc2 {Keeping the queen in the centre looks like the optimal decision.} (17. Qa2 a5 18. Bd3 (18. Bc4 a4 19. O-O Rb8 20. Rfd1 Kh8 $14 {/=}) 18... Bc6 19. O-O Qb8 20. Bc4 Kh8 21. b3 f5 22. exf5 {½-½ Anand,V (2799)-Carlsen,M (2733)/Linares 2008}) (17. Qa5 Qb8 18. b4 Bd8 19. Qa2 a5 20. Bc4 Bc6 $132 {½-½ Berg,E (2586)-Carlsen,M (2690)/Faaborg 2007 (60)}) ({RR} 17. Qa3 Bc6 18. Bc4 a5 19. b3 Kh8 20. O-O f5 21. Qb2 fxe4 22. Qe2 Bxd5 23. Bxd5 Rc8 24. Qxe4 Rxc3 25. Bc4 Qb6 26. Ra2 g6 27. Qd5 Rc1 28. Rxc1 Bxc1 29. g3 Qc5 30. Qxc5 dxc5 31. Rxa5 Bb2 {Inarkiev,E (2663)-Wang,Y (2696) Nizhnij Novgorod 2007 ½-½ (37)}) 17... a5 18. Bc4 {I believe this is the critical position of the line 12...e7. Although it is very close to equal, in fact White has a small plus, since he can play on without any major risk. His plan is to combine pressure on the d-file with play on the queenside (b2-b4, or pressure on the a-file first). In each case Black still must find a way to arrange optimally all his pieces (and first of all to find a job for his dark-squared bishop, which, being on the diagonal c1-h6, can easily be out of any queenside action).} Rc8 $146 (18... a4 19. O-O Qa5 20. Nb4 (20. Qe2 Qc5 21. Ra3 Kh8 22. Rfa1 Rac8 23. Rxa4 $5 Bxa4 24. Rxa4 f5 25. Bd3 Ra8 26. Rxa8 Rxa8 27. g3 $44 {1-0 Sjugirov,S (2395)-Gladyszev,O (2485)/Lipetsk 2007 (62)}) 20... Qc5 21. Bd5 Ra7 22. Nd3 Qb6 23. Rfd1 Kh8 24. c4 Qb8 25. Qc3 Rc8 26. c5 $5 (26. Bxf7 Bg4 27. Bd5 Bxd1 28. Rxd1 $13) 26... Bb5 27. c6 $13 {0-1 Korneev,O (2657)-Jakovenko,D (2671)/Pamplona 2006 (67)}) (18... Kh8 19. O-O f5 20. exf5 Bxf5 21. Bd3 $14) (18... Qb8 19. O-O Rc8 20. Qe2 Qb7 21. b3 Be6 22. Ra2 Bd8 23. Rfa1 Kf8 24. h3 Qc6 25. Bb5 Qb7 26. Bc4 Qc6 27. Bb5 $14 {½-½ Lukin,A (2423)-Shariyazdanov,A (2594)/St Petersburg 2001}) (18... Bc6 19. O-O Qb8 20. Ra3 Qb7 21. Rfa1 (21. b3 $5) 21... a4 22. Re1 Ra5 23. Qe2 Bd8 24. Raa1 g6 25. Kh1 Kg7 26. Rad1 a3 27. b4 $14 {½-½ Korneev,O (2613)-Cherniaev,A (2504)/Catalan Bay 2003 (45)}) (18... Rb8 19. Qe2 a4 20. O-O Qc8 21. Nb4 Bd8 22. Rfd1 Bb6 23. Nd5 Qd8 24. Nxb6 Rxb6 {½-½ Illescas Cordoba,M (2598)-San Segundo Carrillo,P (2536)/Ayamonte 2007}) ({RR} 18... Qb8 19. O-O Rc8 20. Qe2 Qb7 21. b3 Be6 22. Ra2 Bd8 23. Rfa1 Kf8 24. h3 Qc6 25. Bb5 Qb7 26. Bc4 Qc6 27. Bb5 {½-½ (27) Lukin,A (2423)-Shariyazdanov,A (2594) St Petersburg 2001}) ({RR} 18... a4 19. O-O Qa5 20. Nb4 Qc5 21. Bd5 Ra7 22. Nd3 Qb6 23. Rfd1 Kh8 24. c4 Qb8 25. Qc3 Rc8 26. c5 Bb5 27. c6 Bd8 28. Rac1 Bb6 29. Qa3 h6 30. g3 Bd4 31. Rc2 Qc7 32. Kg2 Ra6 33. Rdc1 {Korneev,O (2657)-Jakovenko,D (2671) Pamplona 2006 0-1 (67)}) ({RR} 18... Qb8 19. O-O Rc8 20. Qd3 a4 21. b4 Bc6 22. Qg3 Bd8 23. f4 Bd7 24. Ba2 Be6 25. f5 Bxd5 26. Bxd5 Ra7 27. f6 g6 28. Ra3 h6 29. Qxg6+ {1-0 (29) Gascon del Nogal,J (2457)-Marichal Gonzalez,A (2280) Porlamar 2016}) 19. Qe2 Kh8 20. O-O f5 21. exf5 Bxf5 22. Bd3 $1 Be6 (22... e4 $2 23. Bxe4 Re8 24. f3 $16) 23. Be4 Rb8 24. Qc2 Bg8 ({Perhaps Black must accept an inferior position by playing immediately} 24... Bxd5 25. Bxd5 Qb6 26. b3 Qc5 $14 {since now after} 27. Be4 {he has} d5 $1 28. Bxh7 e4 29. Bg6 Rb6 30. Bh5 Bf6 $44 {But instead of 27.e4 better is 27.ad1, with advantage for White.}) 25. b3 $1 $14 {Jakovenko shows that although Carlsen completed his plan (f7-f5), he is still far from complete equality. White is slowly improving, while Black doesn't have any counterplay. Exchanging on d5 would lose completely Black's control over the light squares and protecting h7 will involve creating further weaknesses.} (25. Rfd1 Bxd5 $1 26. Rxd5 ({or} 26. Bxd5 Qb6 $11) 26... Qb6 $11 {[%csl Rb2,Rf2][%cal Gf8f2,Gg5e3] and Black equalizes in view of the double attack (xf2 followed by Ae3 is also a threat).}) 25... Rb5 26. c4 Rb8 27. Nc3 $2 {Letting it slip away. Jakovenko plans 28.d5, but he misses that Black can avoid the exchange of light-squared bishops.} ({After the correct} 27. Rfd1 {Black starts to have real problems, since it is not clear what to do. The queen from d8 cannot move because it must protect the pawn on a5, the bishop on g8 must protect h7. The rooks and the bishop on g5 don't have any meaningful moves either. White can play next d3 and then either double on the d-file or play h3 or c3. In any case after 27.fd1 Carlsen's position would have been quite unpleasant. For instance} Bxd5 28. Rxd5 Qb6 {loses a pawn after} 29. Rb5 Qd4 30. Rd1) 27... Qb6 $1 {Immediately exploiting the drawback of White's previous move.} 28. Rab1 h6 $1 29. Bd5 Bh7 {The point. White cannot exchange the bishops. As the result of 27.c3 Black has succeeded in relocating his queen.} 30. Be4 Bg8 31. g3 (31. Nd5 Qc5 {is a different story now. The queen is much better placed on c5 than on d8. Additionally, Black has the plan d8-b6, equalizing completely.}) 31... Qc5 32. Kg2 Bd8 {Now the position is equal.} 33. Rbd1 Qb4 34. Rb1 Bb6 35. Nd5 Bxd5 36. Bxd5 Bd4 {White's only chance to set at least some problems is to place the queen on e4 and the bishop on c2 or d3, but he doesn't have time to achieve a good version of such a rearrangement.} 37. Be4 Qc3 {Black understandably wants to force the exchange of queens, but Jakovenko finds a way to avoid it.} (37... Rf6 $11) 38. Qe2 $1 (38. Qxc3 Bxc3 $11) 38... Rf6 $1 (38... Rxb3 {requres from Black after} 39. Qg4 Rxb1 40. Qg6 {to find some computer-study-like ways to save himself, which is of course completely unnecessary for him.}) 39. Bd3 Qb4 $1 {A clever decision. Carlsen realized that the plan with c3 led Black nowhere and he rightly brings the queen back.} (39... Rxb3 $2 40. Rxb3 Qxb3 41. Qe4 g6 42. Rb1 $36) 40. h4 (40. Qe4 Qb7 $11) (40. f3 Qb7 $11) 40... Qb7+ 41. Be4 Qf7 $11 42. Bd5 Qg6 43. Be4 (43. h5 Qg5 $132 {[%csl Rf2,Rh5][%cal Gb8f8]}) 43... Qf7 44. Bd5 Qg6 45. Be4 1/2-1/2

[Event "Dortmund SuperGM 37th"]
[Site "Dortmund"]
[Date "2009.07.09"]
[Round "7"]
[White "Carlsen, Magnus"]
[Black "Leko, Peter"]
[Result "1/2-1/2"]
[WhiteElo "2772"]
[BlackElo "2756"]
[PlyCount "44"]
[EventDate "2009.07.02"]
[EventType "tourn"]
[EventRounds "10"]
[EventCountry "GER"]
[EventCategory "20"]
[SourceTitle "CBM 131"]
[Source "ChessBase"]
[SourceDate "2009.07.15"]
[SourceVersion "1"]
[SourceVersionDate "2009.07.15"]
[SourceQuality "1"]

1. e4 e5 2. Nf3 Nc6 3. Bb5 a6 4. Ba4 Nf6 5. O-O Be7 6. Re1 b5 7. Bb3 O-O 8. a4 b4 9. d4 d6 10. dxe5 dxe5 11. Qxd8 Rxd8 12. Nbd2 Bd6 13. a5 h6 14. Bc4 Re8 15. Nb3 Be6 16. Bd3 Red8 17. Bf1 $146 ({RR} 17. Nfd2 Nd7 18. Bc4 Nc5 19. Nxc5 Bxc5 20. Bxe6 fxe6 21. Nb3 Ba7 22. Be3 Nd4 23. Rac1 Nxb3 24. cxb3 Bxe3 25. Rxe3 c5 26. Re2 Rd3 27. g3 Rc8 28. Rec2 Rxb3 29. Kg2 Kf7 30. Rxc5 Rxc5 31. Rxc5 Rxb2 {Antipov,M (2462)-Heimann,A (2493) Athens 2012 ½-½ (31)}) ({RR} 17. Nfd2 Nd7 18. Nc4 Nc5 19. Nxc5 Bxc5 20. Be3 Bxe3 21. Nxe3 b3 22. Bf1 Nd4 23. cxb3 Nxb3 24. Ra3 Rd2 25. Re2 Rxe2 26. Bxe2 Nd4 27. Bf1 Kf8 28. Rc3 Rb8 29. Rxc7 Rxb2 30. h4 Ra2 31. Bxa6 Rxa5 {Adams,M (2744)-Aronian,L (2781) London 2015 ½-½ (34)}) 17... Kf8 18. Nfd2 Nd7 19. Nc4 Nc5 20. Nxc5 Bxc5 21. c3 f6 22. Be3 Bxe3 1/2-1/2

[Event "Dortmund SuperGM 37th"]
[Site "Dortmund"]
[Date "2009.07.11"]
[Round "9"]
[White "Naiditsch, Arkadij"]
[Black "Carlsen, Magnus"]
[Result "1/2-1/2"]
[WhiteElo "2697"]
[BlackElo "2772"]
[PlyCount "63"]
[EventDate "2009.07.02"]
[EventType "tourn"]
[EventRounds "10"]
[EventCountry "GER"]
[EventCategory "20"]
[SourceTitle "CBM 131"]
[Source "ChessBase"]
[SourceDate "2009.07.15"]
[SourceVersion "1"]
[SourceVersionDate "2009.07.15"]
[SourceQuality "1"]

1. e4 {Rogozenco,Dorian} c5 2. Nf3 Nc6 3. d4 cxd4 4. Nxd4 Nf6 5. Nc3 e5 6. Ndb5 d6 7. Bg5 a6 8. Na3 b5 9. Nd5 Be7 10. Bxf6 Bxf6 11. c3 Bg5 12. Nc2 O-O 13. a4 bxa4 14. Rxa4 a5 15. Bc4 Bd7 16. O-O Ne7 ({RR} 16... Nd4 17. Ra2 Ne6 18. Qe2 a4 19. Ncb4 Nc5 20. Nd3 Ne6 21. Rfa1) ({RR} 16... Nb4 17. Ra3 ({RR} 17. Ncxb4 Bxa4 18. Qxa4 axb4 19. Qxb4) 17... Rc8 18. cxb4 axb4 19. Ra6 Rxc4 20. Rxd6 b3 21. Nce3 Rd4 22. Qxb3 Qc8 23. Qc2 Be6 24. Rc6 Qb8) 17. Ra2 ({RR} 17. Ra3 Nxd5 ({RR} 17... Rc8 18. Nxe7+ Qxe7 19. Qd3 Rc5 20. Rd1) 18. Bxd5 Rb8 19. b4 axb4 20. Nxb4 ({RR} 20. cxb4) 20... Qb6 21. Qe2 ({RR} 21. Ra6 Qc7 22. Rxd6 Kh8 ({RR} 22... Qxd6 23. Bxf7+ Rxf7 24. Qxd6) 23. Bb3 Bb5) 21... Bb5 22. Bc4 Rfc8 23. Bxb5 Qxb5 24. Qxb5 ({RR} 24. Qg4 Bd8 ({RR} 24... h6 25. Na6 Ra8 26. Nc7)) 24... Rxb5 25. Rd1 g6 26. g3 ({RR} 26. Rxd6 Rxb4 27. cxb4 Rc1+) 26... Kg7 27. Nd5 ({RR} 27. Rxd6 Be7 28. Rd5 Bxb4 29. cxb4 Rxb4 30. Rxe5 Kf6) 27... Rc4 ({RR} 27... Rb2 28. Rd3 ({RR} 28. Ra6 Bd2 29. Rxd6 Bxc3 30. Rc1 Rb3 ({RR} 30... Bb4 31. Rxg6+ hxg6 32. Rxc8 Be1) 31. Rd7 Rc5)) ({RR} 27... Bd8 28. Ra6) 28. Ra7 Bd8 ({RR} 28... Rxe4 29. Nc7) 29. Rd7 Ba5 30. Re1 ({RR} 30. Rxd6 Rxe4) ({RR} 30. Rd3 Rxe4 31. Rf3 Rxd5 32. Rfxf7+ Kh6 ({RR} 32... Kg8 33. Rg7+ Kf8 34. Rxh7 Kg8 35. Rdg7+ Kf8 36. Ra7 Kg8 37. Rhd7) 33. Kg2 ({RR} 33. h4 Kh5 34. Rxh7+ Kg4 35. Kg2 Rd2 36. Rhg7 Kf5)) 30... Bb6 31. Nxb6 ({RR} 31. Rxd6 Bc5 32. Rf6 ({RR} 32. Rc6 Bxf2+ 33. Kxf2 Rxc6) 32... Rb2 33. Kf1 Rd2 34. Rf3 f5) 31... Rxb6 {Shirov,A (2755)-Topalov,V (2780) Morelia/Linares 2008 CBM 123 [Rogozenco,Dorian] 1-0 (63)}) 17... Nxd5 ({RR} 17... Rc8 18. Nxe7+ Qxe7 19. Bd5 Rc5 20. b3 Rxc3 21. Rxa5 Be6) 18. Bxd5 Rc8 19. Qd3 $146 ({RR} 19. Na3 Be6 20. Qd3 Bxd5 21. Qxd5 Rc5 22. Qd3 Qb6 23. c4 Qc6 24. b3 f5 25. Nb5 fxe4 26. Qxd6 e3 27. Re2 Rd8 28. Qxc6 Rxc6 29. fxe3 Rd3 30. g3 Rxb3 31. Ra1 Rxe3 32. Kf2 Rf6+ 33. Ke1 Ref3 {Vescovi,G (2526)-Mecking,H (2560) Sao Paulo 2000 0-1 (42)}) ({RR} 19. Na3 a4 20. Re1 Kh8 21. Nc4 Bb5 22. Na3 Bd7 23. Nc4 Bb5 24. Ne3 g6 25. Ra3 f5 26. exf5 gxf5 27. Be6 f4 28. Nf5 Rc6 29. c4 Bxc4 30. Bxc4 Rxc4 31. Qd5 Qc7 32. Qe6 {½-½ (32) El Taher,F (2477)-Tissir,M (2383) Cairo 2001}) 19... Qb6 20. Rfa1 Kh8 21. Rxa5 f5 22. Qa6 Qxb2 23. R5a2 Qxc3 24. Qxd6 Bb5 25. Be6 Rfd8 26. Qa3 Qxa3 27. Nxa3 Rc1+ 28. Rxc1 Bxc1 29. h4 Bd3 30. exf5 Ra8 31. Nb1 Rxa2 32. Bxa2 1/2-1/2

[Event "Carlsen sim"]
[Site "Oslo"]
[Date "2009.08.27"]
[Round "?"]
[White "Carlsen, Magnus"]
[Black "Stanford, Sheila Barth"]
[Result "1-0"]
[WhiteElo "2772"]
[BlackElo "2217"]
[PlyCount "53"]
[EventDate "2009.08.27"]
[EventType "simul"]
[EventRounds "1"]
[EventCountry "NOR"]
[SourceTitle "EXT 2023"]
[Source "ChessBase"]
[SourceDate "2022.10.05"]
[SourceVersion "1"]
[SourceVersionDate "2022.10.05"]
[SourceQuality "1"]

1. e4 c5 2. Nf3 d6 3. d4 cxd4 4. Nxd4 Nf6 5. Nc3 a6 6. Be3 e5 7. Nf3 Be6 8. Ng5 Qc8 9. Nxe6 fxe6 10. g4 Be7 ({RR} 10... h6 11. h4 Be7 12. Rg1 Nc6 13. g5 hxg5 14. hxg5 Nd7 15. Qg4 Nf8 16. O-O-O b5 17. Bh3 Rb8 18. Nd5 Qb7 19. Nxe7 Qxe7 20. f4 exf4 21. Bxf4 Rd8 22. Qg3 e5 23. Be3 Ne6 24. c3 b4 25. Qg4 {Tureshbayev,A (2214)-Montano Vicente,G (1991) chess.com INT 2025 1-0 (37)}) 11. g5 Nfd7 12. Qh5+ $146 ({RR} 12. h4 Nf8 13. Bh3 Nbd7 14. Qh5+ g6 15. Qf3 Rg8 16. O-O-O Rg7 17. Bg4 Qc4 18. h5 Rf7 19. Qh3 b5 20. a3 a5 21. Be2 Qc7 22. Bxb5 Rc8 23. hxg6 hxg6 24. Qg4 Kd8 25. Rh8 d5 26. Qxe6 Rh7 {Milosevic,M (2342)-Radosavljevic,V (1914) Novi Sad 2022 1-0}) ({RR} 12. h4 Nf8 13. Bh3 Nbd7 14. Qh5+ g6 15. Qf3 Rg8 16. O-O-O Rg7 17. Bg4 Qc4 18. h5 Rf7 19. Qh3 b5 20. a3 a5 21. Be2 Qc7 22. Bxb5 Rc8 23. hxg6 hxg6 24. Qg4 Kd8 25. Rh8 d5 26. Qxe6 Rh7 {Milosevic,M (2342)-Radosavljevic,V (1914) Novi Sad 2022 1-0}) 12... g6 13. Qg4 Nc5 14. Bxc5 Qxc5 15. Qxe6 Rf8 16. Nd5 Qxf2+ 17. Kd1 Nc6 18. Bh3 Qd4+ 19. Kc1 Rf2 20. Qg8+ Rf8 21. Nc7+ Kd8 22. Ne6+ Ke8 23. Nxf8 Qe3+ 24. Kb1 Qxh3 25. Nxg6+ Kd7 26. Qxa8 hxg6 27. Qxb7+ 1-0